Des contrats aléatoires du mandat, du cautionnement de la transaction

Gorde:
Xehetasun bibliografikoak
Egile Nagusiak: Baudry-Lacantinerie, G (Egilea), Wahl, Albert (Egilea)
Formatua: Liburua
Hizkuntza:frantsesa
Argitaratua: París Sirey 1907
Edizioa:3a. ed
Saila:Traité Théorique et Practique de Droit Civil, 24
Gaiak:
Etiketak: Etiketa erantsi
Etiketarik gabe, Izan zaitez lehena erregistro honi etiketa jartzen!

MARC

LEADER 00000nam a2200000 a 4500
001 UCS1805
003 CL-VaPUC
008 970515e19070000FR |||||||||||||||||fre|d
082 0 4 |a 346.44  |b BAU  |2 21 
100 0 |a Baudry-Lacantinerie, G  |e author  |9 386609 
700 0 |a Wahl, Albert  |e author  |9 386610 
245 1 0 |a Des contrats aléatoires du mandat, du cautionnement de la transaction 
250 |a 3a. ed 
300 |a 779 p 
942 |c BK 
945 |d 19970515 00:00:00  |a paguirre 
260 |a París  |b Sirey  |c 1907 
650 0 |a Derecho civil  |9 255013 
650 0 |a Contratos  |9 255153 
650 7 |a CONTRATOS ALEATORIOS  |2 CL-VaPUC  |9 385865 
650 7 |a MANDATO CIVIL  |2 CL-VaPUC  |9 335375 
651 0 |a Francia  |9 255157 
583 |a last modification  |c 19970515 00:00:00  |k Rodrigo Vera 
490 0 |a Traité Théorique et Practique de Droit Civil, 24 
999 |c 259837  |d 259835 
952 |0 0  |1 0  |4 0  |6 346_440000000000000_BAU_1907  |7 0  |8 X  |9 285317  |a BIBDER  |b BIBDER  |d 2019-11-19  |i 1853325  |o 346.44 BAU 1907  |p 1853325  |r 2023-01-25  |w 2019-11-19  |y BK_X  |k DER